000 00633nam a2200241Ia 4500
003 OSt
005 20221005122608.0
006 a|||||r|||| 00| 0
007 ta
008 221004b |||||||| |||| 00| 0 san d
024 _a53953
037 _cTextual
040 _aCRL
_cCRL
_bsan
041 _2san
_asan
082 _aO15,1D40OcD70, 32G3
100 _aSastri Au.
_9191464
245 0 _aKalidassanum - bhuabhuttium
260 _c1933
650 _a SANSKRIT POETRY
_9155567
650 _aSANSKRIT LITERATURE
942 _hO15,1D40OcD70, 32G3
_cTEXL
_2cc
999 _c1044760
_d1044760